00741nam a2200253 a 4500001001300000003000900013005001700022008004100039020002300080082001800103100001900121245002700140260004500167300000900212500003500221505001000256650001600266650002300282700001900305902000800324942000700332952013100339999001700470nice12345678IN_TiNIC20260116014801.0091022s2009 newa grp 000 0 eng  a9788121210263c62500a303.6697bDES aDesai, Mehboob aIslam and Non-Violence aNew Delhi bGyan Publishing House c2009 a172p aincludes index and biblioraphy2 aindex aPeace-Islam aIslam-Non Violence1 aDesai, Mehboob bSRS cBK 001040708StackRoom-aHMIbHMId2011-06-02g625.00l3o303.6697 DESp022931r2023-01-17s2022-12-09v625.00w2009-10-22yBK c16945d16945